| 000 -LEADER |
| fixed length control field |
00793cam a2200277 a 4500 |
| 001 - CONTROL NUMBER |
| control field |
14761848 |
| 005 - DATE AND TIME OF LATEST TRANSACTION |
| control field |
20180316044223.0 |
| 008 - FIXED-LENGTH DATA ELEMENTS--GENERAL INFORMATION |
| fixed length control field |
070308s2006 mau b 000 0 eng d |
| 010 ## - LIBRARY OF CONGRESS CONTROL NUMBER |
| LC control number |
2005907604 |
| 020 ## - INTERNATIONAL STANDARD BOOK NUMBER |
| International Standard Book Number |
0312419112 |
| 020 ## - INTERNATIONAL STANDARD BOOK NUMBER |
| International Standard Book Number |
9780312419110 |
| 035 ## - SYSTEM CONTROL NUMBER |
| System control number |
(OCoLC)ocm72684443 |
| 035 ## - SYSTEM CONTROL NUMBER |
| System control number |
(OCoLC)72684443 |
| 040 ## - CATALOGING SOURCE |
| Original cataloging agency |
WAU |
| Transcribing agency |
WAU |
| Modifying agency |
DLC |
| 041 ## - LANGUAGE CODE |
| Language code of text/sound track or separate title |
eng |
| 042 ## - AUTHENTICATION CODE |
| Authentication code |
lccopycat |
| 080 ## - UNIVERSAL DECIMAL CLASSIFICATION NUMBER |
| Universal Decimal Classification number |
371 |
| 082 ## - DEWEY DECIMAL CLASSIFICATION NUMBER |
| Edition number |
371 REY |
| 100 1# - Rafti |
| Rafti |
25 |
| 101 ## - Shkurtesa |
| Shkurtesa |
EDU |
| 245 10 - TITLE STATEMENT |
| Title |
Portfolio teaching : |
| Statement of responsibility, etc |
Nedra Reynolds, Rich Rice. |
| 504 ## - BIBLIOGRAPHY, ETC. NOTE |
| Bibliography, etc |
Includes bibliographical references (p. 77-79). |
| 906 ## - LOCAL DATA ELEMENT F, LDF (RLIN) |
| a |
7 |
| b |
cbc |
| c |
copycat |
| d |
3 |
| e |
ncip |
| f |
20 |
| g |
y-gencatlg |
| 942 ## - ADDED ENTRY ELEMENTS (KOHA) |
| Source of classification or shelving scheme |
|
| Item type |
Books |